Ariosto and Boiardo : the origins of Orlando furioso /

Bibliographic Details
Main Author: Marinelli, Peter V.
Format: Book
Language:English
Published: Columbia : University of Missouri Press, 1987.
Subjects:

MARC

Tag First Indicator Second Indicator Subfields
LEADER 00000cam a2200000 a 4500
001 in00000011768
005 20151007051706.0
008 870109s1987 moua b s00110 eng
010 |a  87004993  
020 |a 0826206360 (alk. paper) 
035 |a (OCoLC)15109439 
035 |9 AAA4313AM 
040 |a DLC  |c DLC  |d TXA  |d UtOrBLW 
049 |a TXAM  |c [A12622865] 
050 0 0 |a PQ4570  |b .M37 1987 
082 0 |a 851/.3  |2 19 
100 1 |a Marinelli, Peter V. 
245 1 0 |a Ariosto and Boiardo :  |b the origins of Orlando furioso /  |c Peter V. Marinelli. 
264 1 |a Columbia :  |b University of Missouri Press,  |c 1987. 
300 |a 247 pages :  |b illustrations ;  |c 24 cm. 
336 |a text  |b txt  |2 rdacontent 
337 |a unmediated  |b n  |2 rdamedia 
338 |a volume  |b nc  |2 rdacarrier 
500 |a Spine title: Ariosto & Boiardo. 
504 |a Bibliography: pages 215-244. 
500 |a Includes index. 
600 1 0 |a Ariosto, Lodovico,  |d 1474-1533.  |t Orlando furioso  |x Sources. 
600 1 0 |a Boiardo, Matteo Maria,  |d 1440 or 1441-1494  |x Influence. 
600 1 0 |a Boiardo, Matteo Maria,  |d 1440 or 1441-1494.  |t Orlando innamorato. 
740 0 |a Ariosto & Boiardo. 
999 |a MARS 
999 f f |s daf58c4e-6a57-38a7-99ca-01f4e8061e62  |i 0086dd06-f5e5-3085-8ba1-515fbc936e4c  |t 0 
952 f f |p ric  |a Texas A&M University  |b Rellis Campus  |c Joint Library Facility  |d Remote Storage  |t 0  |e PQ4570 .M37 1987  |h Library of Congress classification  |i unmediated -- volume  |m A14812622865 
998 f f |a PQ4570 .M37 1987  |t 0  |l Remote Storage